La supervisión en trabajo social : una cuestión profesional y académica /
Este trabajo tripartita, busca revalorar el trabajo de supervisión como proceso de aprendizaje y de contención de la realidad social en la que los trabajadores sociales toca desenvolverse profesionalmente. El documento se compone de una parte teórica y otra práctica, en esta última se presenta la si...
Guardat en:
| Autor principal: | |
|---|---|
| Altres autors: | , |
| Format: | Llibre |
| Idioma: | espanyol |
| Publicat: |
Buenos Aires, Argentina :
Espacio,
2004, c2004
|
| Col·lecció: | (Ciencias Sociales Espacio Editorial)
|
| Matèries: | |
| Etiquetes: |
Sense etiquetes, Sigues el primer a etiquetar aquest registre!
|
MARC
| LEADER | 00000nam^a2200000^a^4500 | ||
|---|---|---|---|
| 001 | 000181606 | ||
| 005 | 20250521000000.0 | ||
| 009 | 20260310101939.269 | ||
| 020 | |a 950-802-181-0 | ||
| 037 | |a Acervo ITESO - Biblioteca | ||
| 041 | |a ESP | ||
| 082 | |a 361. 32 |b TON | ||
| 100 | |a Tonon, Graciela |e (autor) | ||
| 245 | 1 | 3 | |a La supervisión en trabajo social : |b una cuestión profesional y académica / |c G. Tonon, C. Robles, M. Meza. |
| 264 | 4 | |a Buenos Aires, Argentina : |b Espacio, |c 2004, c2004 | |
| 300 | |a 126 p. | ||
| 336 | |a texto |b txt |2 rdacontenido | ||
| 337 | |a sin mediación |b n |2 rdamedio | ||
| 338 | |a volumen |b nc |2 rdasoporte | ||
| 440 | 1 | |a (Ciencias Sociales Espacio Editorial) | |
| 520 | |a Este trabajo tripartita, busca revalorar el trabajo de supervisión como proceso de aprendizaje y de contención de la realidad social en la que los trabajadores sociales toca desenvolverse profesionalmente. El documento se compone de una parte teórica y otra práctica, en esta última se presenta la sistematización de un proceso de supervisión grupal y el análisis de una supervisión individual. Al final se presenta una propuesta de reflexiones y recomendaciones a tener en cuenta para el futuro de la supervisión. | ||
| 649 | |a XX | ||
| 650 | |a Trabajo Social - |x Prácticas Profesionales | ||
| 650 | |a Supervisión - |x Evaluación | ||
| 650 | |a Subjetividad (Psicología) | ||
| 650 | |a Fatiga Crónica - |x Prevención | ||
| 650 | |a Dinámica de Grupos | ||
| 650 | |a Organización Social | ||
| 650 | |a Calidad en el Servicio | ||
| 650 | |a Calidad de Vida | ||
| 650 | |a Actividades Curriculares | ||
| 650 | |a Proceso Educativo | ||
| 650 | |a Práctica Educativa | ||
| 650 | |a Educación Superior | ||
| 650 | |a Intervención Social | ||
| 700 | |a Robles, Claudio |e (autor) | ||
| 700 | |a Meza, Miguel |e (autor) | ||
| 910 | |a Fondo General | ||
| 920 | |a Impresos - Libros | ||
| 930 | |a Colección General | ||
| 905 | |a 101 | ||
| 901 | |a 0500121509 |b IT1 |c ACC |u 20250521 | ||
| 902 | |a https://opac.biblio.iteso.mx/vufind/Record/000181606 | ||